Statistics for Most Visited Countries A-Z

Click here to take the quiz!

General Stats

  • This quiz has been taken 98 times
  • The average score is 20 of 24

Answer Stats

Annual VisitorsAnswer% Correct
U77,510,000United States
97%
F84,452,000France
96%
I50,732,000Italy
96%
G35,555,000Germany
95%
J19,737,000Japan
95%
Q2,929,800Qatar
93%
C56,886,000China
92%
S68,215,000Spain
92%
Y366,700Yemen
92%
O1,897,000Oman
91%
D10,424,000Denmark
90%
Z2,057,000Zimbabwe
90%
R33,729,000Russia
89%
A26,719,000Austria
85%
M32,093,000Mexico
85%
V10,013,000Vietnam
85%
T39,478,000Turkey
84%
H4,929,000Hungary
80%
N15,007,000Netherlands
74%
P16,722,000Poland
73%
E9,139,000Egypt
71%
L3,543,000Laos
70%
K4,560,000Kazakhstan
68%
B11,621,000Bahrain
27%

Score Distribution

Percentile by Number Answered

Percent of People with Each Score

Your Score History

You have not taken this quiz